| 000 | 00413nam a2200157Ia 4500 | ||
|---|---|---|---|
| 008 | 230312s9999||||xx |||||||||||||| ||und|| | ||
| 020 | _a81-265-0817-4 | ||
| 082 |
_a621.31924 _bDOR-I |
||
| 100 | _aDorf;Richard | ||
| 245 | 0 | _aIntroduction to Electric Circuits | |
| 260 |
_bWiley & Sons _aIndia _c2007 |
||
| 300 | _a809 | ||
| 546 | _aEng. | ||
| 650 |
_aEngineering _vIntroduction to Electric Circuits |
||
| 942 | _cBK | ||
| 999 |
_c7474 _d7474 |
||